No means of escape (Record no. 82024)

MARC details
000 -LEADER
fixed length control field 00923cab a22002175a 4500
001 - CONTROL NUMBER
control field L148988
008 - FIXED-LENGTH DATA ELEMENTS--GENERAL INFORMATION
fixed length control field 091210e20091205xxk F 000 0 eng d
035 ## - SYSTEM CONTROL NUMBER
System control number (Sirsi) u148988
041 0# - LANGUAGE CODE
Language code of text/sound track or separate title eng
100 1# - MAIN ENTRY--PERSONAL NAME
Personal name Foo, Alicia
245 00 - TITLE STATEMENT
Title No means of escape
260 ## - PUBLICATION, DISTRIBUTION, ETC.
Date of publication, distribution, etc. 2009
490 ## - SERIES STATEMENT
Series statement Estates Gazette
Volume/sequential designation (0948) 5 December 2009, 96-97(2)
520 ## - SUMMARY, ETC.
Summary, etc. Section 17 notices introduced by the Landlord and Tenant (Covenants) Act 1995 can be used by landlords to recover lost rent and other arrears from former tenants when current leases fall behind with rents or are in administration. Explains the procedure and pitfalls of serving Section 17 notices. (See L148983 and L148984)
590 ## - LOCAL NOTE (RLIN)
Local note KA
650 24 - SUBJECT ADDED ENTRY--TOPICAL TERM
Topical term or geographic name entry element LANDLORD AND TENANT (COVENANTS) ACT 1995
651 #4 - SUBJECT ADDED ENTRY--GEOGRAPHIC NAME
Geographic name ENGLAND AND WALES
690 ## - LOCAL SUBJECT ADDED ENTRY--TOPICAL TERM (OCLC, RLIN)
Topical term or geographic name as entry element PROPERTY-COMMERCIAL PROPERTY-COMMERCIAL LANDLORD AND TENANT-COMMERCIAL LEASES
700 1# - ADDED ENTRY--PERSONAL NAME
Personal name Butler, Naomi
942 ## - ADDED ENTRY ELEMENTS (KOHA)
Suppress in OPAC 0
Holdings
Withdrawn status Lost status Source of classification or shelving scheme Damaged status Not for loan Home library Current library Shelving location Date acquired Total Checkouts Full call number Barcode Date last seen Copy number Price effective from Koha item type
    Dewey Decimal Classification     London London Journal article 10/12/2009   L148988 148988-1001 06/08/2019 1 06/08/2019 Journal article